000 00629cab a2200253 4500
001 ABS60533
008 090401t1999 xxu||||| |||| 00| 0 eng d
035 _a(Sirsi) u93024
041 _aeng
100 _aGattegno, J.
245 _aLords make no mistake
260 _c1999
350 _a0
490 _aProperty Journal
_vMarch 1999, 6-7(2)
650 _aKLEINWORT BENSON LTD V LINCOLN CITY COUNCIL AND OTHERS
650 _aMISTAKES OF FACT
650 _aMISTAKES OF LAW
650 _aRENT REVIEWS
650 _aSERVICE CHARGES
650 _aTIME LIMITS
690 _aLAW
942 _n0
948 _c28/04/1999
999 _c58957
_d58957